Sponsor of the Formula One teams - Statistics

General Stats
  • This quiz has been taken 1,549 times
    269 since last reset
  • The average score is 24 of 112
Answer Stats
Sponsor Teams % Correct
Red Bull Sauber, Red Bull, Toro Rosso, Racing Bulls
69%
Petronas Sauber, BMW Sauber, Mercedes
64%
Marlboro McLaren, Alfa Romeo, Ferrari
63%
HP Williams, Ferrari
61%
Oracle Red Bull
61%
BWT Force India, Racing Point, Aston Martin, Alpine
59%
Honda Honda, Red Bull, Alpha Tauri, Racing Bulls
56%
Kick Sauber
52%
Aramco Aston Martin
51%
Visa Racing Bulls
51%
Shell Ferrari
46%
Mastercard Lola, McLaren
45%
Camel Lotus, Benetton, Williams
40%
Virgin Group BrawnGP, Virgin
39%
Aston Martin Red Bull
38%
MoneyGram Haas
38%
Vodafone McLaren
38%
Stake Sauber
37%
Atlassian Williams
36%
Alpha Tauri Alpha Tauri
35%
Lucky Strike BAR, Honda
35%
7-Up Jordan
34%
Cash App Racing Bulls
34%
West Zakspeed, McLaren
32%
Benetton Group Alfa Romeo, Benetton
31%
Alfa Romeo Sauber
30%
Santander Ferrari
30%
Canon Williams
29%
Google Chrome McLaren
28%
TAG Williams
28%
Martini Brabham, Lotus, Williams
27%
Mild Seven Benetton, Renault
26%
Alpine Alpine
25%
Ford Stewart
25%
Rich Energy Haas
25%
Rothmans Williams
25%
555 BAR
24%
Benson & Hedges Jordan
24%
Cognizant Aston Martin
24%
Infiniti Red Bull
23%
Orange Arrows
23%
Haas Automation Haas
22%
John Player Special Lotus
22%
Mission Winnow Ferrari
22%
OKX McLaren
22%
Uralkali Haas
22%
Elf Tyrrell, Renault
20%
Ray Ban Ferrari
20%
Sahara Force India
20%
Ineos Mercedes
19%
Orlen Alfa Romeo, Alpha Tauri, Racing Bulls
19%
Duracell Williams
18%
ING Renault
18%
Kingfisher Airlines Force India
18%
Kingfisher (beer) Force India
18%
Panasonic Toyota
18%
Gulf Oil McLaren, Williams
17%
MTV Europe Simtek
17%
Castrol Lotus
16%
HSBC Stewart, Jaguar
16%
Rokit Williams, Sauber
16%
DHL Jordan
15%
General Electric Caterham
14%
Parmalat Brabham
14%
Toyota Gazoo Racing Haas
14%
Airbus Caterham
13%
AT & T Williams, Red Bull
13%
Hugo Boss McLaren, Aston Martin, Racing Bulls
13%
Telefónica Minardi
13%
Total Red Bull
13%
Winfield Williams
13%
Gauloises Ligier, Prost
12%
BAT (A Better Tomorrow) McLaren
11%
Candy Toleman
11%
Copersucar Fittipaldi
11%
Intel BMW Sauber
11%
Lenovo Williams
11%
Peugeot Jordan
11%
AirAsia Caterham
10%
Allianz Williams
10%
Repsol Arrows
10%
Claro Sauber
9%
Emirates McLaren
9%
Gitanes Ligier
9%
Peroni Brewery Aston Martin, Ferrari
9%
Compaq Williams
8%
DP World Renault
8%
Footwork Arrows
8%
Gold Leaf Lotus
8%
PDVSA Williams, Lotus
8%
Saudia Williams
8%
Zepter Arrows
8%
Danka Arrows
7%
European Aviation Minardi
7%
Genii Capital Lotus
7%
Yardley McLaren
7%
Credit Suisse Sauber
6%
Phillips Williams
6%
RBS Williams
6%
Sasol Jordan
6%
SportPesa Racing Point
6%
Warsteiner Arrows
6%
Banco do Brasil Sauber
5%
Mercado Libre Williams, Alpine
5%
Olivetti Brabham
5%
Tissot Sauber
5%
T-Systems BMW Sauber
5%
Chandon McLaren
4%
Pennzoil Lola
4%
Essex Lotus
3%
Casio Edifice Toro Rosso, Alpha Tauri
2%
Simod Minardi
2%
No matching quizzes found
Score Distribution
Percent of People with Each Score
Percentile by Number Answered
Your Score History
You have not taken this quiz since the last reset